00534nam a2200205Ia 4500001000700000003000500007008004100012010001100053040000900064082001600073100001800089245005400107260003900161300001100200440003300211500000500244503001100249650003600260650003200296Z_4381CHAP220113s1977 xx 000 0 und d a167451 cCHAP a636.4085 C8 aCunha, Tony J aSwine feeding and nutrition /cpor Tony J Cunha aNew York :bAcademic Press,c1977 a352 p. aAnimal feeding and nutrition a a138289 aGanado porcinoxAlimentación  aGanado porcinoxNutrición